| 000 | 00552nam a2200205 a 4500 | ||
|---|---|---|---|
| 003 | BD-DhJNU | ||
| 005 | 20250521042049.0 | ||
| 008 | 130331s1989 ii a 001 0 eng | ||
| 020 | _a8121902762 | ||
| 040 |
_aBD-DhJNU _bENG _cBD-DhJNU _dBD-DhJNU |
||
| 082 | 0 | 0 |
_a320 KAP _223 |
| 100 | 1 | _aKapur, Anup Chand | |
| 245 | 1 | 0 |
_aPrinciples of political science / _cAnup Chand Kapur |
| 250 | _a20th ed. | ||
| 260 |
_aNew Delhi : _bS. Chand, _c1997. |
||
| 300 |
_a888 p. ; _c22 cm. |
||
| 504 | _aIncludes index. | ||
| 650 | 0 | _aPolitical Science | |
| 942 | _cBK | ||
| 999 |
_c1731 _d1731 |
||